Regime de bens no casamento e uniô estv̀el

Detalles Bibliográficos
Autor principal: Pereira Junqueira, Gabriel Još
Otros Autores: Pereira de Carvalho, Lus̕ Batista
Formato: Libro
Lenguaje:portugués
Publicado: Brasil Editora Mundo Jurd̕ico 2014
Materias:
Acceso en línea:Acceso restringido

MARC

LEADER 00000nam a22000007a 4500
005 20160216134924.0
007 cr|z|| ||u|
008 160216s2014 bl ||||| |||| 00||0 por d
020 |a 978-85-8085-048-2 
035 |a 13068 
040 |a vLex 
090 |c 5884  |d 5884 
100 1 |a Pereira Junqueira, Gabriel Još 
245 1 |a Regime de bens no casamento e uniô estv̀el  |h [Recurso electrn̤ico] /  |c Gabriel Jos ̌Pereira Junqueira  
256 |a Servicio en ln̕ea  
260 |a Brasil  |b Editora Mundo Jurd̕ico  |c 2014 
300 |a 1 recurso electrn̤ico  
500 |a Regime de bens, matřia muito utilizada no campo judicir̀io, ̌muito escassa no dia-a-dia dos aplicadores de direito. Com o lanȧmento da Lei nð 6.515/77 passou a vigorar o Regime de Comunhô de Bens no lugar do Regime de Comunhô Universal de Bens. É preciso notar que a aplicaȯ̂ do Regime de Bens ̌facultativa a sua escolha aos nubentes, mas, dependendo de certas circunstńcias a escolha nô ̌facultativa, principalmente quando se trata de idosos ou de segundo casamento. Finalmente, ̌matřia do momento e encontrar ̀o leitor dispositivos comentados para sua melhor escolha do Regime de Bens a ser adotado. Apresentamos diversos modelos de Regime de Bens para maior facilidade dos leitores. 
506 1 |a Contenido solo disponible en los productos indicados  |d vLex Global  |d vLex Global (Academic Edition, excluding Law Schools)  |d vLex Global (U.S. Academic Edition, Law Schools)  |d vLex Global (U.S. Academic Edition, excluding Law Schools)  |d vLex Global (Academic Edition, Law Schools) 
650 0 4 |a Derecho  |z Brasil 
700 |a Pereira de Carvalho, Lus̕ Batista 
740 0 |a vLex libros (servicio en ln̕ea)  
856 4 0 |u http://vlex.com/source/regime-de-bens-no-casamento-e-uni-o-estavel-13068  |z Acceso restringido  
942 |c BOOK 
999 0 |a Law